| 000 | 00480nam a2200145Ia 4500 | ||
|---|---|---|---|
| 008 | 231129s2008||||xx |||||||||||||| ||spa|| | ||
| 020 | _a978-84-96111-66-0 | ||
| 040 | _bspa | ||
| 082 | _a299.93 M518s | ||
| 100 | _aMelchizedek Drunvalo | ||
| 245 | 0 | _aSerpiente de Luz: Después de 2012. El movimiento de la Kundalini de la Tierra y la ascensión de la luz femenina 1949 a 2013 | |
| 260 | _c2008 | ||
| 264 | _aArkano Books | ||
| 942 |
_2ddc _cBKS |
||
| 999 |
_c24509 _d24509 |
||